000 00858nam a22001817a 4500
999 _c59370
_d59370
003 Ge_BSU
005 20230201093928.0
008 230201s1997 ge ||||| |||| 00| 0 geo d
041 _ageo
080 _a336.22(038) უ-59
100 _aურიდია, გონერ
_916829
245 _aსაგადასახადო განმარტებითი ლექსიკონი /
_cშემდგ.: გონერ ურიდია, თეიმურაზ დვალი ; [რედ.: გელა ხანიშვილი].
264 _aთბილისი,
_c1997.
300 _a373გვ. ;
_b20სმ.
653 _aსაგადასახადო განმარტებითი ლექსიკონი
700 _aდვალი, თეიმურაზ
_eავტორი
_916830
942 _2udc
_cBK